000 00465nam a2200193Ia 4500
005 20240823051345.0
008 240823s9999||||xx |||||||||||||| ||und||
020 _a978-81-264-3924-9
041 _aMALAYALAM
082 _A158.1 Q2
100 _aSister Mary Jane
245 0 _aKuttikale Ariyuka Kuttikalininnariyuka
250 _a1st
260 _c2012
_b"D C Books,Kot"
500 _aYES
650 _aPsychology
_bGeneral
942 _cBK
999 _c219403
_d219403